|
|
|
|
| LEADER |
00996nam a2200265 a 4500 |
| 001 |
c000310720 |
| 003 |
CARM |
| 005 |
00000000000000.0 |
| 008 |
s1987 ilu bf 00110 eng |
| 019 |
1 |
|
|a 5564665
|5 LACONCORD2021
|
| 020 |
|
|
|a 0870949500
|
| 035 |
|
|
|a (OCoLC)15262402
|5 LACONCORD2021
|
| 043 |
|
|
|a n-us---
|
| 050 |
0 |
0 |
|a HC106.8
|b .M337 1987
|
| 082 |
0 |
4 |
|a 338.0973
|2 19
|
| 100 |
1 |
0 |
|a Mattera, Philip.
|
| 245 |
1 |
0 |
|a Inside U.S. business :
|b a concise encyclopedia of leading industries /
|c Philip Mattera.
|
| 260 |
|
|
|a Homewood, Ill. :
|b Dow Jones-Irwin,
|c c1987.
|
| 300 |
|
|
|a xiv, 424 p. ;
|c 24 cm.
|
| 504 |
|
|
|a Includes bibliographies and index.
|
| 650 |
|
0 |
|a Industries
|z United States
|x Handbooks, manuals, etc.
|
| 740 |
0 |
1 |
|a Inside US business.
|
| 852 |
8 |
|
|b CARM
|h A3:AF19F0
|i C12397
|p 0475299
|f BK
|
| 999 |
f |
f |
|i 74b35dbb-aa73-5640-8387-8948d6b9ffb8
|s cbf22a9f-c49f-5091-8091-465fedf448dc
|
| 952 |
f |
f |
|p Can circulate
|a CAVAL
|b CAVAL
|c CAVAL
|d CARM 1 Store
|e C12397
|f A3:AF19F0
|h Other scheme
|i book
|m 0475299
|